[Event "Norway Chess 7th"]
[Site "Stavanger"]
[Date "2019.06.13"]
[Round "8"]
[White "Carlsen, Magnus"]
[Black "Yu, Yangyi"]
[Result "1-0"]
[WhiteElo "2875"]
[BlackElo "2738"]
[PlyCount "87"]
[EventDate "2019.06.04"]
[EventType "tourn"]
[EventRounds "9"]
[EventCountry "NOR"]
[SourceTitle "CBM 191"]
[Source "ChessBase"]
[SourceDate "2019.08.31"]
[SourceVersion "1"]
[SourceVersionDate "2019.08.31"]
[SourceQuality "1"]

1. d4 d5 2. c4 c6 3. Nf3 Nf6 4. Nc3 dxc4 5. e4 b5 6. Be2 b4 7. e5 bxc3 8. exf6 exf6 9. bxc3 Bd6 10. O-O $146 ({RR} 10. Nd2 O-O 11. Nxc4 Bc7 12. O-O Ba6 13. Ne3 Bxe2 14. Qxe2 Nd7 15. Qg4 g6 16. Rd1 Nb6 17. c4 f5 18. Qf3 f4 19. Ng4 Qg5 20. h4 Qxh4 21. Bxf4 Bxf4 22. Qxf4 Qd8 23. Rd3 f5 24. Ne5 Qf6 {Sorensen,H (2352)-Pantzar,M (2357) Eskilstuna 2019 1-0 (38)}) 10... O-O 11. Nd2 Re8 12. Re1 Nd7 13. Nxc4 Bc7 14. Bf3 Ba6 15. Ne3 Nb6 16. Ba3 Nc4 17. Qd3 Rxe3 18. Rxe3 Nxe3 19. Qxa6 Nc2 20. Rd1 Nxa3 21. Qxa3 Qd6 22. Qxd6 Bxd6 23. c4 Rc8 24. c5 Be7 25. Kf1 f5 26. Ke2 g5 27. h3 Kg7 28. Kd3 Kg6 29. Rb1 h5 30. Rb7 Bf6 31. Rd7 g4 32. Bd1 Kg5 33. Ba4 f4 34. f3 Re8 35. fxg4 hxg4 36. hxg4 Re6 37. Bd1 Re3+ 38. Kc4 a5 39. Bf3 Ra3 40. Bxc6 Rxa2 41. Be4 a4 42. c6 Ra1 43. c7 a3 44. Kb3 1-0

[Event "Croatia GCT"]
[Site "Zagreb"]
[Date "2019.06.27"]
[Round "2"]
[White "Carlsen, Magnus"]
[Black "Anand, Viswanathan"]
[Result "1/2-1/2"]
[WhiteElo "2875"]
[BlackElo "2767"]
[Annotator "Pelletier,Yannick"]
[PlyCount "155"]
[EventDate "2019.06.26"]
[EventType "tourn"]
[EventRounds "11"]
[EventCountry "CRO"]
[EventCategory "22"]
[SourceTitle "CBM 191"]
[Source "ChessBase"]
[SourceDate "2019.08.31"]
[SourceVersion "1"]
[SourceVersionDate "2019.08.31"]
[SourceQuality "1"]

1. d4 Nf6 2. c4 e6 3. Nf3 d5 4. Nc3 dxc4 {Magnus Carlsen has had to face the Vienna Variation of the Queen's Gambit several times in 2019. In each game he came up with a different poisonous idea, which he had probably all prepared for his World Championship match against Fabiano Caruana.} 5. e4 Bb4 6. Bg5 ({In Wijk aan Zee, he tried the dangerous pawn sacrifice} 6. Bxc4) 6... c5 7. Bxc4 cxd4 8. Nxd4 Bxc3+ 9. bxc3 Qa5 10. Bb5+ ({Some months later against Levon Aronian, he came up with the "hit and run" novelty} 10. Bd2) ({Finally, a few weeks before the present game, Carlsen tried} 10. Nb5 Nxe4 11. Qd4 {against the same opponent, and tortured him for quite a long time.}) 10... Bd7 ({Who would like to test the World Champion in the main line} 10... Nbd7 {?}) 11. Bxf6 gxf6 12. Bxd7+ Nxd7 13. O-O Qxc3 ({This has been tried a few times by Alexander Morozevich and Radoslaw Wojtaszek in the past, and more recently by Wei Yi and Alexander Bluebaum. The main move} 13... a6 14. Rb1 {is considered holdable for Black, though not without considerable suffering.}) 14. Qa4 O-O 15. Nxe6 (15. Qxd7 $6 Rad8 16. Qxb7 Qxd4 $11 {let Black equalize too easily in Leitao-Morozevich, World Teams Championship Bursa 2010}) 15... Nb6 16. Qd4 Rfc8 (16... Qxd4 17. Nxd4 $14 {Antic-Zontakh, Jagodina 1998}) 17. Qxc3 Rxc3 {My own preparation simply ended on an equal sign here. However correct this assessment may objectively be, Magnus Carlsen understands that Black will have to solve practical problems. Indeed, in endgames with rook(s) and knight, activity and king safety are important factors.} 18. Nf4 (18. Nd4 Rc4 19. Rfd1 Na4 $1 $11 {Gajewski,G (2616)-Wojtaszek,R (2706) Warsaw 2012}) 18... Rc5 19. Rfd1 $146 ({Black held the balance after} 19. g4 Kf8 20. Nh5 Ke7 21. Ng3 Rd8 22. Rfc1 Na4 23. Rd1 Nc3 $11 {Ponomariov,R (2758)-Morozevich,A (2737) Saratov 2011}) ({RR} 19. g4 Kf8 20. Nh5 Ke7 21. Ng3 Rd8 22. Rfc1 Na4 23. Rd1 Nc3 24. Nf5+ Ke8 25. Ng7+ Ke7 26. Nf5+ Ke8 27. Ng7+ Ke7 {½-½ (27) Ponomariov,R (2758)-Morozevich,A (2737) Saratov 2011}) 19... f5 20. exf5 Rac8 ({I do not quite get Anand's logic behind delaying the capture on f5, as he actually slightly worsens his position compared with the line} 20... Rxf5 21. g3 (21. Rd4 Rc8) 21... Rc8 22. Rd3 Rc2 23. Ra3 a6 $11) 21. f6 $1 Rf5 22. g3 Rxf6 23. Rd3 {Now the difference is clear: the c8 cannot leave the back rank because of d8+ and h5+. This nuance allows White to grab the initiative.} Rfc6 24. Ra3 Rc1+ 25. Rxc1 Rxc1+ 26. Kg2 Nc8 ({After} 26... a6 27. Rb3 Rc6 28. Kf3 $14 {, both black pieces have difficulties to move.}) 27. Rd3 Rc7 28. Rd8+ Kg7 29. h4 Ne7 30. Nh5+ Kh6 $6 ({It is understandable that Vishy Anand rejected} 30... Kg6 {because of the dangerous line} 31. g4 f5 32. Nf4+ (32. Rd6+ Kf7 33. gxf5 Rc5 34. Rf6+ Kg8 35. Ng3 Ra5 $11) 32... Kf7 33. Rh8 fxg4 (33... Kg7 34. Rb8 Kf7 35. g5 $14) 34. Rxh7+ Kg8 35. Rh5 {. But Black should actually be able to hold after} Rc2 36. Ra5 b6 37. Rxa7 Nf5 $13 {The game continuation is definitely more unpleasant for him.}) 31. Nf6 Kg6 $6 ({Anand starts drifting and the position gets from unpleasant to worse. Obviously, no one will teach him that activity is paramount in endings. There must be something he did not like in the line} 31... Rc2 32. Rd7 Nf5 33. Ne4 Kg7 {, for instance} 34. Kf3 Rxa2 35. Kf4 Ra5 36. h5 {, but he should certainly have preferred this over the game continuation.}) 32. Ne8 Rc6 33. Rd7 Re6 (33... Nc8 34. f4 $16) 34. h5+ $1 ({Remember what I wrote about activity?} 34. Rxb7 Nc8 35. Nc7 Re7 {paralyzes both white pieces. White can still try to disentangle with} 36. g4 {, but after} h5 $1 {, things are anything but clear.}) 34... Kh6 35. Nd6 f5 (35... Kxh5 36. Nxf7 $16) 36. Nxb7 (36. Rxe7 $2 Rxd6 37. Rxb7 Ra6 $11) 36... Ng8 37. Nd6 Nf6 38. Nxf5+ Kg5 39. Nd4 (39. Ng7 Ra6 {is less convincing}) 39... Nxd7 ({It is always difficult to choose between variations which all lead to a worse position. Anand decides to exchange rooks right away in order to reduce his opponent's activity. The alternative} 39... Ra6 40. f4+ $1 Kxh5 41. Rg7 Rxa2+ 42. Kh3 Ra5 43. Nc6 Kh6 44. Rxh7+ Kxh7 45. Nxa5 {would lead to another knight ending where White is a clear pawn up. Assessing over the board whether it is winning is very difficult. I believe that Anand's feeling was right, and that the game continuation offers better practical chances.}) 40. Nxe6+ Kxh5 41. Kf3 Kg6 42. Kf4 $6 (42. Ke4 Kf6 43. Nd8 h5 44. Nc6 a6 45. Kd5 Kf5 46. f3 {was perhaps more unpleasant for Black, as his king is restricted.}) 42... Kf6 43. Ng5 h6 44. Ne4+ Ke6 45. Kg4 Ke5 46. f3 Kd4 $1 {This surprising idea might have been underestimated by Carlsen when he chose his 42nd move.} 47. Kf5 (47. Kf4 a5 $1 48. g4 Ne5 $132) 47... Ke3 $1 48. f4 h5 49. Ng5 (49. Nf6 $2 Nxf6 50. Kxf6 Kf3 51. Kg5 Kxg3 52. f5 h4 53. f6 h3 54. f7 h2 55. f8=Q h1=Q $11) 49... Nc5 (49... Kf2 50. g4 hxg4 51. Kxg4 Ke3 {is a draw as well.}) 50. Kg6 Kf2 51. f5 Kxg3 52. Ne6 $5 (52. Kxh5 Kf4 53. Kg6 Nd7 $11) 52... Nd7 53. Kxh5 Kf3 54. Kg5 Ke4 55. Nc7 a5 56. Nb5 Kd3 57. Kg6 a4 58. Kf7 Ne5+ 59. Kf6 Nf3 60. Ke7 Kc2 61. f6 Ng5 (61... Kb2 62. a3 Ng5 $11 {would have been possible as well}) 62. Nd4+ {My engine now proudly shows an evaluation of around +8 ... Evidently a case for programmers to work on! The position is still a draw.} Kb2 63. Ne6 Nh7 64. f7 Kxa2 65. Ng5 a3 66. Nxh7 Kb1 67. f8=Q a2 {Well done, Vishy! The white knight is so far away that this endgame can be evaluated exactly as a queen ending.} 68. Qf5+ Kb2 69. Qe5+ Kb1 70. Qe4+ Kb2 71. Qe2+ Kb1 72. Nf6 a1=Q 73. Nd5 Qg7+ 74. Kd6 Qf8+ 75. Ke5 Qe8+ 76. Kd4 Qxe2 77. Nc3+ Ka1 78. Nxe2 {A formidable battle, where Magnus Carlsen was close to inflicting yet another endgame defeat to Vishy Anand. But this time, the Indian managed to hold a draw. With hindsight, it is hard to point out a moment where White missed a win. Perhaps the alternative on move 42 would have been more difficult to deal with for Black.} 1/2-1/2

[Event "Croatia GCT"]
[Site "Zagreb"]
[Date "2019.07.01"]
[Round "6"]
[White "Carlsen, Magnus"]
[Black "Nakamura, Hikaru"]
[Result "1-0"]
[WhiteElo "2875"]
[BlackElo "2754"]
[PlyCount "85"]
[EventDate "2019.06.26"]
[EventType "tourn"]
[EventRounds "11"]
[EventCountry "CRO"]
[EventCategory "22"]
[SourceTitle "CBM 191"]
[Source "ChessBase"]
[SourceDate "2019.08.31"]
[SourceVersion "1"]
[SourceVersionDate "2019.08.31"]
[SourceQuality "1"]

1. d4 {Postny,Evgeny} Nf6 2. c4 e6 3. Nf3 d5 4. Nc3 Be7 5. Bf4 O-O 6. e3 c5 ({RR} 6... Nbd7 7. c5) 7. dxc5 Bxc5 8. a3 Nc6 9. Qc2 Re8 ({RR} 9... Qa5) 10. Bg5 ({RR} 10. b4 Bd6 ({RR} 10... e5 11. Bg5 d4 12. Bxf6 gxf6 13. Nd5 e4 14. bxc5 exf3 15. O-O-O) 11. Bxd6 Qxd6 12. c5 ({RR} 12. Be2 dxc4 13. Bxc4 Ne5) 12... Qe7 13. Rd1 Rd8 14. Be2 e5 15. O-O Bg4 16. Rfe1) ({RR} 10. Rd1 e5 11. Bg5 d4 12. Nd5 Be7 13. Bxf6 Bxf6 14. Bd3 g6 15. Nxf6+ Qxf6 16. O-O Bg4) ({RR} 10. cxd5 exd5 11. Be2 d4 12. Rd1 Bg4 13. O-O Qe7 14. Na4 Bxf3 15. Bxf3 dxe3 16. Nxc5 e2 17. Bxe2 Qxe2) 10... Be7 ({RR} 10... d4 11. O-O-O e5 {RR} 12. Nd5 Be7 13. Nxe7+ Qxe7 14. exd4 Nxd4 ({RR} 14... Bg4 15. dxe5 ({RR} 15. d5 Nd4 16. Qd3 Bxf3 17. gxf3 b5) 15... Nxe5 16. Be2 b5 ({RR} 16... h6 17. Be3) 17. Rhe1 bxc4 18. Bxc4 Bxf3 19. gxf3 Qc7 20. Be2) 15. Nxd4 exd4 16. Rxd4 ({RR} 16. Kb1 h6 17. Bh4) 16... Qe5 17. Be3 b5 18. c5 Bf5 19. Bd3 Rac8 20. b4 Bxd3 21. Rxd3) 11. Rd1 ({RR} 11. cxd5 Nxd5 12. Bxe7 Qxe7) ({RR} 11. O-O-O Bd7 ({RR} 11... Qa5 12. Bxf6 Bxf6 13. cxd5) 12. Bxf6 Bxf6 13. cxd5 exd5 14. Rxd5 Rc8) 11... Qa5 12. Bd3 ({RR} 12. Be2 Ne4 13. cxd5 Nxc3 14. Qxc3 Qxc3+ 15. bxc3 exd5 16. Bxe7 Nxe7 17. Nd4 Bd7) 12... dxc4 $146 ({RR} 12... h6 13. Bh4 dxc4 ({RR} 13... a6 14. O-O ({RR} 14. cxd5 Nxd5 15. Bxe7 Ncxe7) 14... dxc4) 14. Bxc4 a6 15. O-O b5 16. Ba2 Bb7 17. Bb1 ({RR} 17. Bxf6 Bxf6 18. Ne4 ({RR} 18. Rd7 Re7) 18... Be7 19. Rd7 ({RR} 19. Nc5 Bxc5 20. Qxc5 Red8) 19... Qb6 20. Bb1 g6 21. h4 Rac8) 17... Rad8 18. Ne4 Nxe4 19. Qxe4 g6 20. Bxe7 Rxe7 21. Qh4 Kg7 22. Ne5 Rxd1 23. Rxd1 Qc7 24. Ng4 h5 25. Qf6+ Kh7 26. Qh4 Kg7 27. Qf6+ {Ludvik,T (2201)-Kusa,J (2303) Czech Republic 2022 ½-½}) ({RR} 12... h6 13. Bh4 dxc4 14. Bxc4 a6 15. O-O b5 16. Ba2 Bb7 17. Bb1 Rad8 18. Bxf6 Bxf6 19. Ne4 ({RR} 19. Qh7+ Kf8) 19... Be7 20. Nc5 Bxc5 21. Qxc5 b4 22. Rc1 ({RR} 22. Qxa5 Nxa5 23. axb4 Nc4 24. b3 Bxf3 25. Rxd8 ({RR} 25. gxf3 Nd2) 25... Rxd8 26. bxc4 Be2 27. Rc1 Bxc4) 22... bxa3 23. bxa3 Qxc5 24. Rxc5 Ne7 25. Rfc1 Rc8 ({RR} 25... Bxf3 26. gxf3) 26. Bd3 Red8 27. Rxc8 {Anand,V (2792)-Carlsen,M (2863) Sochi 2014 CBM 164 [Postny,Evgeny] ½-½ (41)}) ({RR} 12... h6 13. Bh4 Bd7 14. O-O dxc4 15. Bxc4 Red8 16. Ba2 Be8 17. Bb1 Rxd1 18. Rxd1 Rd8 19. Rxd8 Qxd8 20. h3 Kf8 21. Bg3 Bd6 22. Bxd6+ Qxd6 23. Nd2 Ne7 24. Nde4 Nxe4 25. Nxe4 Qc6 26. Qd2 Qd5 27. Qxd5 {Isik,A (2456)-Agdelen,H (2408) Ankara TUR 2025 ½-½}) 13. Bxc4 h6 14. Bf4 Bd7 15. O-O Rac8 16. e4 e5 17. Be3 Nd4 18. Bxd4 Rxc4 19. Bxe5 Ba4 20. b3 Nxe4 21. Rd3 Rec8 22. Qb2 Nc5 23. Re3 Bxb3 24. Bxg7 Rg4 25. Bxh6 Bf6 26. Ne5 Bxe5 27. Rxe5 Qb6 28. Qd2 Rg6 29. Be3 Qc6 30. Nd5 Bxd5 31. Qxd5 b6 32. g3 Nd7 33. Qxc6 Rgxc6 34. Rd5 Nf8 35. Rfd1 Ne6 36. a4 Rc4 37. a5 Rb4 38. Rd7 bxa5 39. Rxa7 a4 40. Rdd7 Nd8 41. Rd5 Ne6 42. Rda5 Rcc4 43. Kg2 1-0

[Event "Croatia GCT"]
[Site "Zagreb"]
[Date "2019.07.04"]
[Round "8"]
[White "Ding, Liren"]
[Black "Carlsen, Magnus"]
[Result "0-1"]
[WhiteElo "2805"]
[BlackElo "2875"]
[Annotator "Nielsen,Peter Heine"]
[PlyCount "118"]
[EventDate "2019.06.26"]
[EventType "tourn"]
[EventRounds "11"]
[EventCountry "CRO"]
[EventCategory "22"]
[SourceTitle "CBM 191"]
[Source "ChessBase"]
[SourceDate "2019.08.31"]
[SourceVersion "1"]
[SourceVersionDate "2019.08.31"]
[SourceQuality "1"]

{[%evp 0,47,19,31,14,-14,-11,0,0,-24,1,16,14,12,2,6,28,28,23,10,18,24,38,44,107,125,94,109,97,126,197,145,87,89,105,-11,-37,-25,-10,-10,-31,-23,-8,0,30,-27,-16,-10,3,2]} 1. d4 Nf6 2. c4 e6 3. Nf3 d5 4. g3 Be7 5. Bg2 O-O 6. O-O dxc4 7. Qc2 {Ding as often shows a great loyalty to his opening systems, and plays his favourite line in the catalan.} b5 $5 {Until a few years back, 7...a6 was considered mandatory, but now both 7 ...b6 and 7...c6 as well as the game move have gained in popularity.} 8. a4 b4 9. Nfd2 $5 {White's most critical move, intending to play a positional pawn sacrifice.} ({Interestingly, Magnus' second for the 2018WC-match, the World Rapid Champion Daniil Dubov, as White tried} 9. Nbd2 Bb7 10. Nxc4 c5 11. dxc5 Be4 12. Qd2 $5 {gaining a small endgame edge vs. Nakamura in the Moscow Grand Prix.}) 9... Nd5 $5 {This is however very rare, and stylistically very different from the main line.} (9... c6 {when} 10. Nxc4 Qxd4 11. Rd1 Qc5 {gives White good compensation for the pawn, again the recent action being from the Moscow Grand Prix with Grischuk beating Nakamura as White.}) 10. Nxc4 c5 11. dxc5 Ba6 $1 {Technically the novelty, Black used to take back on c5 in the few existing games. Magnus afterwards admitted that this was preparations for the WC-match and it is indeed typical "computer" chess where one pushes the position to its absolute maximum relying on tactics.} 12. Ne3 {Ding, not having the comfort of having checked this position with a computer, faced a difficult task evaluating the numerous options. Many ideas looks tempting for White, but the assumption being that the World Champion does not just play bad lines, one has to tread very carefully.} (12. Rd1 {is very logical, but after} Nd7 13. c6 Rc8 14. Ne3 Ne5 $1 {Black has excellent counterplay.}) 12... Nd7 13. Nxd5 exd5 14. c6 (14. Bxd5 Rc8 15. c6 Ne5 16. Rd1 {is just transposing to the line below.}) 14... Rc8 15. Bf4 {Ding keeps finding good moves.} (15. Rd1 Ne5 16. Bxd5 Nxc6 $1 17. Bxf7+ Rxf7 18. Rxd8+ Bxd8 {is a strong queen sacrifice giving excellent practical compensation, where the computer says White should better try forcing a draw straightaway in order not to be worse.}) 15... Nc5 16. c7 Qd7 17. Nd2 g5 $5 {Continuing in the modern computer style, not caring for common sense chess like17...Bd6 trying to round up the c7-pawn restoring material equality, but again instead pushing the position to its limits.} 18. Be5 f6 19. Bd4 Rxc7 20. Qd1 $146 {Carlsen later said that while obviously he was happy being in prep when his opponent was not, still his position did not leave him with that much confidence.Objectively Black is OK, but White's position is easier to play due to Black's weakened king and numerous pawn structure defects. So Black has to keep putting maximum pressure before White consolidates.} ({RR} 20. Nb3 Nxb3 21. Qxb3 Bxe2 22. Bxd5+ Kg7 23. Rfe1 Rd8 24. Be6 Qxd4 25. Rxe2 Qd3 26. Rae1 Bc5 27. Kg2 Qxb3 28. Bxb3 Rdd7 29. Be6 Re7 30. Re4 Bd6 31. R1e2 a5 32. b3 {½-½ (32) Cheparinov,I (2670)-Deac,B (2613) Douglas 2019}) 20... Ne6 21. Nb3 Bc4 $1 {An important move, disturbing just in time.} 22. Na5 ({If now} 22. Be3 {, then} d4 $1 23. Nxd4 Nxd4 24. Bxd4 Rd8 {wins back the temporarily sacrificed pawn with equality.}) 22... Nxd4 23. Qxd4 Kg7 $1 {A nice move, removing the king from the light squares meaning that e.g. Bxd5 will now never be a check, but noteworthy is that Magnus chooses the more active position on g7 instead of the by sight safer place at h8. However, in the game continuation it is obvious that protecting f6, and later being closer to the centrum, are important factors.} 24. Rfc1 Bxe2 25. Rxc7 Qxc7 26. Re1 Bc5 27. Qxd5 Re8 {White has no way of exploiting the pin in the e-line, and Ding has to start caring about safety. Here, however, he miscalculates.} 28. Qb7 $6 (28. Qc6 $1 {would be the correct way, the difference being after} Qxc6 29. Nxc6 Bh5 {White has} 30. Rc1 $1 {when he will manage to liquidate the queenside and make a draw.}) 28... Qxb7 29. Nxb7 Bf8 {Now, however ,it is another matter, as the game shows Black has excellent chances due to the queenside targets if the rooks are exchanged.} 30. Bc6 $2 ({Magnus thus during the game felt that} 30. Nd8 {was by far White's best move, and while} Rxd8 31. Rxe2 Rd1+ 32. Bf1 Bc5 {still is not excactly pleasant for White, he seems to make a draw by exact play, like} 33. Re4 b3 34. Rc4 Bd4 35. Rb4 Rd2 36. Rxb3 Bxf2+ 37. Kh1 {as while Black obviously has some initiative, it should not be enough for the win.}) 30... Re7 31. f3 Bc4 32. Rxe7+ Bxe7 {Blacks advantage is obvious, pair of bishops, and targets on both wings to attack. Is it enough to win? I assume its borderline, but to quote Larsen, practically what matters is if there is winning chances.} 33. Kf2 f5 34. Ke3 Bg8 $1 {A beautiful move, that even managed to get a praising Tweet from Giri. It exploits the whole board, and thus exemplifies the difference between the knight and the bishop in mobility.} 35. Kd3 g4 $5 {35...Bf6 is met by 36 Nd6 securing sufficient counterplay. Now, however, Magnus starts creating targets on the kingside, when ...h5 ...h4 will be next. White's choice is between which kind of fortress to go for. Playing f4 keeps the position closed, but risks the bishop landing on g1, while fxg4 exchanging pawns feels logical, but then leaves the black king a much easier path to the opponent camp via the center.} 36. Na5 (36. fxg4 fxg4 37. Bb5 Bd5 38. Na5 Bc5 39. Bd7 h5 40. Nc6 Kf6) ({The right decision would actually have been keeping positive thoughts and pushing the a-pawn to a6, starting with} 36. a5 $1 {After} h5 37. a6 {not only is the white pawn much closer to queening and thus Black has to be a bit more careful, but also is the knight stably protected on b7. Black has several tries keeping practical chances, but objectively the position seems drawn.}) 36... Bc5 {White's knight does get rerouted back to the defences, but at the huge price of allowing the bishop to penetrate on g1.} 37. Nc4 Bg1 38. Ne3 Be6 39. fxg4 fxg4 40. Ke2 {Tactically White is OK, as 40...Bxh2 41.Kf2 threatens 42.Nf1, but Black of course instead just increases the pressure having passified White completely.} h5 $1 41. Bd5 Bd7 42. Bb3 Bxh2 43. Kf2 h4 $1 44. gxh4 Be5 {In principle every exchange should get White closer to the draw, but Black creating a passed pawn is a much bigger factor.} 45. Nc4 g3+ 46. Kg1 Bf4 {It's been a common quote of Magnus that he does not really believe in fortresses, a feeling letting him down e.g.in the WC-game 4 vs Karjakin, but here everything is in order. Black's king will enter easily.} 47. Bd1 Bc6 48. b3 Kh6 49. a5 Be4 50. Kf1 Kg7 51. Kg1 Kf6 52. Kf1 Ke6 53. h5 Kd5 54. a6 Kd4 55. Bg4 Kc3 56. Be6 (56. Bd1 {only defends very temporarily as} g2+ 57. Kg1 Bd5 {puts White in a complete zugzwang.}) 56... Bc2 57. Na5 Bc7 58. Nb7 Bd3+ 59. Kg1 Bxa6 $5 {My computer says 59...Be4 is mate in 7, but criticising a move that forces instant resignation is too much. An excellent game from Magnus, showing his skills in all 3 phases of the game.} 0-1